000 00696nam a2200253Ia 4500
003 OSt
005 20221007095038.0
006 a|||||r|||| 00| 0
007 ta
008 221006b |||||||| |||| 00| 0 eng d
020 _a8175340657
024 _a727
037 _cTextual
040 _aLCO
_cLCO
_beng
041 _2eng
_aeng
082 _aZ2,122, N7
100 _aDiwan P.
245 0 _aLaw relating to Dowry, Dowry death, Bride burning rape & related etc.
260 _aDelhi
_bUniversal Law Publishing Company India
_c1997
300 _a340
650 _aLAW REALTING TO DOWERY
_9700740
942 _hZ2,122, N7
_cTEXL
999 _c1170290
_d1170290